Top 10 największych państw świata - Statystyki

Ogólne statystyki
  • Ten quiz został rozwiązany 55 razy
  • Średni wynik to 9 z 10
Statystyki odpowiedzi
L. mln kilometrów Państwo % Poprawnych
9,59 Chiny
97%
17,09 Rosja
97%
9,52 Stany Zjednoczone
97%
7,69 Australia
91%
8,51 Brazylia
91%
3,28 Indie
91%
9,98 Kanada
91%
2,78 Argentyna
79%
2,38 Algieria
71%
2,71 Kazachstan
71%
Nie znaleziono quizów pasujących do podanych kryteriów
Rozkład punktacji
Procent ludzi z każdym wynikiem
Percentyl według liczby udzielonych odpowiedzi
Twoja historia wyników
Nie rozwiązałeś tego quizu